Marcatori della Francia ai Mondiali - Brasile 2014 - Statistics

Statistiche generali
  • Questo quiz è stato fatto 12 volte
  • Il punteggio medio è 4 su 8
Statistiche sulle risposte
Partita Minuto Marcatore % Corretto
Francia - Honduras 3-0 45 Karim Benzema
82%
Francia - Honduras 3-0 72 Karim Benzema
82%
Svizzera - Francia 2-5 67 Karim Benzema
82%
Svizzera - Francia 2-5 17 Olivier Giroud
82%
Francia - Nigeria 2-0 79 Paul Pogba
82%
Svizzera - Francia 2-5 73 Moussa Sissoko
18%
Svizzera - Francia 2-5 18 Blaise Matuidi
9%
Svizzera - Francia 2-5 40 Mathieu Valbuena
9%
Nessun quiz corrispondente trovato
Distribuzione punteggi
Percentuale di utenti per punteggio
Percentile per numero di risposta
I tuoi punteggi nel tempo
Non hai fatto questo quiz